000 00411nam a2200157Ia 4500
008 210210b1998 xxu||||| |||| 00| 0 eng d
020 _a0 485 12134 4
082 _a361.3 MUNU
100 _aMUNRO (Eileen).
245 _aUnderstanding social work: an empirical approach.
260 _aLondon
_bThe Athlone Press
_c1998
300 _a215
650 _aSocial work
690 _aSocial Work
906 _a059563
999 _c106702
_d106702